[Event "Lliga Catalana DH 2023"]
[Site "Barcelona"]
[Date "2023.01.28"]
[Round "2.1"]
[White "Jerez Perez, Alfonso"]
[Black "Alsina Leal, Daniel"]
[Result "1-0"]
[TimeControl "90'+30\""]
[WhiteTitle "IM"]
[BlackTitle "GM"]
[WhiteFideId "2204100"]
[BlackFideId "2252627"]
[WhiteElo "2338"]
[BlackElo "2520"]

1. e4 {[%clk 01:29:45]} {[%emt 00:00:03]} c5 {[%clk 01:30:42]} {[%emt
00:00:20]} 2. c3 {[%clk 01:30:06]} {[%emt 00:00:08]} e5 {[%clk 01:31:02]}
{[%emt 00:00:10]} 3. Nf3 {[%clk 01:30:17]} {[%emt 00:00:20]} Nc6 {[%clk
01:31:27]} {[%emt 00:00:05]} 4. Bc4 {[%clk 01:30:38]} {[%emt 00:00:08]} Nf6
{[%clk 01:31:43]} {[%emt 00:00:14]} 5. d3 {[%clk 01:22:06]} {[%emt 00:09:02]}
Be7 {[%clk 01:31:48]} {[%emt 00:00:25]} 6. O-O {[%clk 01:22:13]} {[%emt
00:00:23]} O-O {[%clk 01:32:11]} {[%emt 00:00:07]} 7. Re1 {[%clk 01:21:57]}
{[%emt 00:00:46]} d6 {[%clk 01:32:23]} {[%emt 00:00:18]} 8. Nbd2 {[%clk
01:19:54]} {[%emt 00:02:32]} Na5 {[%clk 01:32:13]} {[%emt 00:00:50]} 9. Nf1
{[%clk 01:17:41]} {[%emt 00:02:34]} Nxc4 {[%clk 01:25:51]} {[%emt 00:06:53]} 10.
dxc4 {[%clk 01:17:51]} {[%emt 00:00:19]} Be6 {[%clk 01:24:07]} {[%emt
00:02:14]} 11. b3 {[%clk 01:16:32]} {[%emt 00:01:48]} a6 {[%clk 01:14:45]}
{[%emt 00:09:52]} 12. a4 {[%clk 01:15:00]} {[%emt 00:02:01]} b5 {[%clk
01:08:29]} {[%emt 00:06:48]} 13. Qd3 {[%clk 01:13:34]} {[%emt 00:01:56]} bxc4
{[%clk 01:03:05]} {[%emt 00:05:54]} 14. bxc4 {[%clk 01:13:58]} {[%emt
00:00:05]} Rb8 {[%clk 00:49:58]} {[%emt 00:13:36]} 15. Ne3 {[%clk 01:03:19]}
{[%emt 00:11:08]} Nd7 {[%clk 00:37:46]} {[%emt 00:12:43]} 16. Nd5 {[%clk
00:58:07]} {[%emt 00:05:42]} Bxd5 {[%clk 00:32:01]} {[%emt 00:06:16]} 17. cxd5
{[%clk 00:57:33]} {[%emt 00:01:03]} c4 {[%clk 00:30:08]} {[%emt 00:02:24]} 18.
Qxc4 {[%clk 00:55:00]} {[%emt 00:03:03]} Qa5 {[%clk 00:30:24]} {[%emt
00:00:13]} 19. Qe2 {[%clk 00:54:18]} {[%emt 00:01:12]} Rfc8 {[%clk 00:25:01]}
{[%emt 00:05:54]} 20. Be3 {[%clk 00:48:02]} {[%emt 00:06:46]} Nf6 {[%clk
00:19:33]} {[%emt 00:05:58]} 21. Bd2 {[%clk 00:42:06]} {[%emt 00:06:25]} Rb2
{[%clk 00:18:58]} {[%emt 00:01:06]} 22. c4 {[%clk 00:40:04]} {[%emt 00:02:32]}
Qc5 {[%clk 00:18:26]} {[%emt 00:01:01]} 23. Rec1 {[%clk 00:37:41]} {[%emt
00:02:53]} Bd8 {[%clk 00:13:42]} {[%emt 00:05:13]} 24. Qe1 {[%clk 00:31:33]}
{[%emt 00:06:39]} Bb6 {[%clk 00:10:52]} {[%emt 00:03:21]} 25. a5 {[%clk
00:27:07]} {[%emt 00:04:56]} Ba7 {[%clk 00:10:37]} {[%emt 00:00:45]} 26. Be3
{[%clk 00:27:08]} {[%emt 00:00:30]} Qc7 {[%clk 00:10:47]} {[%emt 00:00:19]} 27.
c5 {[%clk 00:27:09]} {[%emt 00:00:29]} Bxc5 {[%clk 00:10:02]} {[%emt 00:01:15]}
28. Bxc5 {[%clk 00:27:23]} {[%emt 00:00:17]} dxc5 {[%clk 00:10:24]} {[%emt
00:00:08]} 29. Nd2 {[%clk 00:23:15]} {[%emt 00:04:38]} Ne8 {[%clk 00:09:07]}
{[%emt 00:01:47]} 30. Nc4 {[%clk 00:22:33]} {[%emt 00:01:13]} Rb5 {[%clk
00:09:10]} {[%emt 00:00:26]} 31. Qc3 {[%clk 00:22:11]} {[%emt 00:00:52]} f6
{[%clk 00:09:00]} {[%emt 00:00:41]} 32. Qh3 {[%clk 00:22:01]} {[%emt 00:00:40]}
Ra8 {[%clk 00:07:47]} {[%emt 00:01:42]} 33. Qe6+ {[%clk 00:17:46]} {[%emt
00:04:44]} Qf7 {[%clk 00:07:09]} {[%emt 00:01:09]} 34. Qc6 {[%clk 00:16:50]}
{[%emt 00:01:26]} Ra7 {[%clk 00:06:18]} {[%emt 00:01:20]} 35. Nb6 {[%clk
00:16:16]} {[%emt 00:01:04]} Rc7 {[%clk 00:03:15]} {[%emt 00:03:33]} 36. Qa8
{[%clk 00:16:24]} {[%emt 00:00:22]} Ra7 {[%clk 00:01:07]} {[%emt 00:02:39]} 37.
Qc8 {[%clk 00:15:34]} {[%emt 00:01:20]} Rc7 {[%clk 00:01:10]} {[%emt 00:00:27]}
38. Qxa6 {[%clk 00:14:36]} {[%emt 00:01:27]} Rb3 {[%emt 00:01:09]} 1-0

[Event "Lliga Catalana DH 2023"]
[Site "Barcelona"]
[Date "2023.01.28"]
[Round "2.2"]
[White "Cuartas Medina, Jaime Alexander"]
[Black "Torrecillas Martinez, Antonio"]
[Result "1-0"]
[TimeControl "90'+30\""]
[WhiteTitle "GM"]
[BlackTitle "IM"]
[WhiteFideId "4401190"]
[BlackFideId "2200392"]
[WhiteElo "2507"]
[BlackElo "2318"]

1. d4 {[%clk 01:30:57]} {[%emt 00:00:02]} Nf6 {[%clk 01:30:54]} {[%emt
00:00:06]} 2. Bf4 {[%emt 00:00:38]} g6 {[%emt 00:00:16]} 3. Nf3 {[%clk
01:31:25]} {[%emt 00:00:13]} Bg7 {[%emt 00:00:53]} 4. e3 {[%emt 00:01:17]} d6
{[%emt 00:00:19]} 5. h3 {[%emt 00:00:50]} O-O {[%clk 01:29:08]} {[%emt
00:00:12]} 6. Be2 {[%emt 00:00:34]} c5 {[%clk 01:28:09]} {[%emt 00:01:03]} 7.
Nc3 {[%emt 00:19:55]} b6 {[%clk 01:08:43]} {[%emt 00:00:23]} 8. d5 {[%clk
01:32:10]} {[%emt 00:00:54]} Na6 {[%clk 01:08:22]} {[%emt 00:00:51]} 9. O-O
{[%clk 01:25:32]} {[%emt 00:06:53]} Nc7 10. a4 {[%emt 00:08:42]} a6 {[%clk
01:00:34]} {[%emt 00:00:51]} 11. e4 {[%clk 01:24:50]} {[%emt 00:06:45]} Bb7 12.
Nd2 {[%emt 00:01:16]} b5 {[%emt 00:04:25]} 13. axb5 {[%clk 01:20:13]} {[%emt
00:02:09]} axb5 {[%emt 00:01:55]} 14. Rxa8 {[%emt 00:06:34]} Bxa8 {[%emt
00:00:18]} 15. Nxb5 {[%clk 01:19:15]} {[%emt 00:00:03]} Nxb5 {[%emt 00:00:11]}
16. Bxb5 {[%clk 01:19:40]} {[%emt 00:00:04]} Nh5 {[%clk 00:48:26]} {[%emt
00:00:19]} 17. Be3 {[%clk 01:19:39]} {[%emt 00:00:32]} Bxb2 {[%clk 00:48:31]}
{[%emt 00:00:25]} 18. Be2 {[%emt 00:07:12]} Ng7 {[%clk 00:38:18]} {[%emt
00:03:45]} 19. Nc4 {[%emt 00:01:07]} Bf6 {[%emt 00:02:38]} 20. Qd2 {[%clk
01:14:32]} {[%emt 00:04:22]} Qb8 {[%emt 00:05:52]} 21. f4 {[%emt 00:05:36]} Rd8
{[%emt 00:00:21]} 22. Qa5 {[%emt 00:01:49]} e6 {[%emt 00:01:50]} 23. e5 {[%clk
00:57:50]} {[%emt 00:10:14]} Be7 24. exd6 {[%emt 00:12:09]} Bxd6 {[%emt
00:00:23]} 25. Nxd6 {[%emt 00:02:08]} Rxd6 {[%emt 00:13:42]} 26. Bxc5 {[%clk
00:42:55]} {[%emt 00:01:59]} Rxd5 {[%emt 00:06:31]} 27. Ra1 {[%emt 00:03:48]}
Qc8 {[%emt 00:09:21]} 28. Rd1 {[%emt 00:02:49]} Rxd1+ {[%clk 00:12:02]} {[%emt
00:00:38]} 29. Bxd1 {[%clk 00:29:15]} {[%emt 00:00:08]} h5 {[%emt 00:05:23]} 30.
Bd4 {[%emt 00:00:30]} Qb7 {[%emt 00:01:16]} 31. Bf3 {[%emt 00:00:26]} Qb1+
{[%emt 00:00:10]} 32. Kh2 {[%clk 00:24:00]} {[%emt 00:00:04]} Bxf3 {[%emt
00:00:38]} 33. Qd8+ {[%clk 00:24:16]} {[%emt 00:00:04]} Kh7 {[%emt 00:00:20]}
34. Qf6 {[%emt 00:05:21]} 1-0

[Event "Lliga Catalana DH 2023"]
[Site "Barcelona"]
[Date "2023.01.28"]
[Round "2.3"]
[White "Mestre Bellido, Hector"]
[Black "Asis Gargatagli, Hipolito"]
[Result "0-1"]
[TimeControl "90'+30\""]
[WhiteTitle "IM"]
[BlackTitle "GM"]
[WhiteFideId "2272733"]
[BlackFideId "2260735"]
[WhiteElo "2295"]
[BlackElo "2501"]

1. Nf3 {[%clk 01:26:38]} {[%emt 00:04:22]} Nf6 {[%clk 01:30:21]} {[%emt
00:00:39]} 2. g3 {[%clk 01:27:06]} {[%emt 00:00:02]} g6 {[%clk 01:30:33]}
{[%emt 00:00:18]} 3. b3 {[%clk 01:27:25]} {[%emt 00:00:11]} Bg7 {[%clk
01:29:20]} {[%emt 00:01:43]} 4. Bb2 {[%clk 01:27:53]} {[%emt 00:00:02]} d6
{[%clk 01:28:20]} {[%emt 00:01:30]} 5. Bg2 {[%clk 01:22:21]} {[%emt 00:06:02]}
e5 {[%clk 01:26:26]} {[%emt 00:02:24]} 6. c4 {[%clk 01:22:45]} {[%emt
00:00:06]} O-O {[%clk 01:24:51]} {[%emt 00:02:06]} 7. O-O {[%clk 01:18:59]}
{[%emt 00:04:15]} c6 {[%clk 01:13:39]} {[%emt 00:11:42]} 8. d3 {[%clk
01:13:58]} {[%emt 00:05:32]} Re8 {[%clk 01:04:29]} {[%emt 00:09:40]} 9. Nbd2
{[%clk 01:14:21]} {[%emt 00:00:06]} Nbd7 {[%clk 01:03:01]} {[%emt 00:01:58]} 10.
Rc1 {[%clk 01:07:42]} {[%emt 00:07:09]} a5 {[%clk 00:59:44]} {[%emt 00:03:47]}
11. Ng5 {[%clk 01:03:32]} {[%emt 00:04:40]} Nh5 {[%clk 00:41:53]} {[%emt
00:18:20]} 12. Nge4 {[%clk 00:59:53]} {[%emt 00:04:09]} Bf8 {[%clk 00:41:50]}
{[%emt 00:00:34]} 13. Ba3 {[%clk 00:57:03]} {[%emt 00:03:19]} Nc5 {[%clk
00:40:29]} {[%emt 00:01:51]} 14. Nxc5 {[%clk 00:33:41]} {[%emt 00:23:52]} dxc5
{[%clk 00:40:52]} {[%emt 00:00:07]} 15. Ne4 {[%clk 00:33:38]} {[%emt 00:00:33]}
b6 {[%clk 00:35:03]} {[%emt 00:06:19]} 16. Nc3 {[%clk 00:25:25]} {[%emt
00:08:43]} Re6 {[%emt 00:04:57]} 17. Qd2 {[%emt 00:01:07]} Ra7 {[%emt
00:00:25]} 18. Rcd1 {[%clk 00:20:34]} {[%emt 00:04:40]} Rd7 {[%emt 00:06:53]}
19. f4 {[%emt 00:00:17]} Bh6 {[%clk 00:23:39]} {[%emt 00:02:37]} 20. e3 {[%clk
00:16:47]} {[%emt 00:03:06]} exf4 {[%clk 00:20:41]} {[%emt 00:03:28]} 21. gxf4
{[%clk 00:14:02]} {[%emt 00:03:15]} Red6 {[%clk 00:09:48]} {[%emt 00:11:23]} 22.
Qe2 {[%clk 00:13:11]} {[%emt 00:01:21]} Re6 {[%clk 00:08:51]} {[%emt 00:01:28]}
23. Qd2 {[%clk 00:06:43]} {[%emt 00:06:58]} Red6 {[%clk 00:03:44]} {[%emt
00:05:37]} 24. Qc2 {[%clk 00:05:13]} {[%emt 00:02:00]} Rxd3 {[%clk 00:03:46]}
{[%emt 00:00:28]} 25. Rxd3 {[%clk 00:04:51]} {[%emt 00:00:51]} Rxd3 {[%clk
00:04:10]} {[%emt 00:00:06]} 26. Nd5 {[%clk 00:05:05]} {[%emt 00:00:16]} Bf5
{[%clk 00:04:11]} {[%emt 00:00:28]} 27. e4 {[%clk 00:05:16]} {[%emt 00:00:19]}
Rd4 {[%clk 00:04:05]} {[%emt 00:00:36]} 28. exf5 {[%clk 00:01:53]} {[%emt
00:03:53]} cxd5 {[%clk 00:04:26]} {[%emt 00:00:08]} 29. fxg6 {[%clk 00:02:14]}
{[%emt 00:00:09]} hxg6 {[%clk 00:04:49]} {[%emt 00:00:07]} 30. Bb2 {[%clk
00:00:38]} {[%emt 00:02:06]} Rxf4 {[%clk 00:03:21]} {[%emt 00:01:58]} 31. cxd5
{[%clk 00:00:41]} {[%emt 00:00:27]} Rxf1+ {[%clk 00:03:29]} {[%emt 00:00:22]}
32. Kxf1 {[%clk 00:01:09]} {[%emt 00:00:02]} Bg7 {[%clk 00:03:48]} {[%emt
00:00:10]} 33. Bxg7 {[%clk 00:00:53]} {[%emt 00:00:47]} Nxg7 {[%clk 00:03:29]}
{[%emt 00:00:49]} 34. Bf3 {[%clk 00:00:41]} {[%emt 00:00:42]} Qf6 {[%clk
00:03:15]} {[%emt 00:00:44]} 35. Qd3 {[%clk 00:00:34]} {[%emt 00:00:37]} Nf5
{[%clk 00:03:34]} {[%emt 00:00:10]} 36. Ke1 {[%clk 00:00:37]} {[%emt 00:00:28]}
Qe5+ {[%clk 00:03:31]} {[%emt 00:00:33]} 37. Be2 {[%clk 00:00:40]} {[%emt
00:00:27]} Nd4 {[%clk 00:03:47]} {[%emt 00:00:14]} 38. Kd1 {[%clk 00:00:44]}
{[%emt 00:00:27]} Qxd5 {[%clk 00:04:05]} {[%emt 00:00:12]} 39. h3 {[%clk
00:00:35]} {[%emt 00:00:39]} Nxe2 {[%clk 00:04:24]} {[%emt 00:00:11]} 0-1

[Event "Lliga Catalana DH 2023"]
[Site "Barcelona"]
[Date "2023.01.28"]
[Round "2.4"]
[White "Delorme, Axel"]
[Black "Beltran Rueda, Santiago"]
[Result "1-0"]
[TimeControl "90'+30\""]
[WhiteTitle "GM"]
[BlackTitle "IM"]
[WhiteFideId "632023"]
[BlackFideId "2200694"]
[WhiteElo "2470"]
[BlackElo "2286"]

1. e4 {[%clk 01:30:50]} {[%emt 00:00:10]} e5 {[%clk 01:30:53]} {[%emt
00:00:07]} 2. Nf3 {[%clk 01:31:05]} {[%emt 00:00:15]} Nf6 {[%clk 01:31:16]}
{[%emt 00:00:07]} 3. Nxe5 {[%clk 01:30:10]} {[%emt 00:01:25]} d6 {[%clk
01:31:39]} {[%emt 00:00:07]} 4. Nf3 {[%clk 01:28:53]} {[%emt 00:01:47]} Nxe4
{[%clk 01:32:00]} {[%emt 00:00:09]} 5. Bd3 {[%clk 01:28:57]} {[%emt 00:00:27]}
Nf6 {[%clk 01:31:43]} {[%emt 00:00:46]} 6. O-O {[%clk 01:26:08]} {[%emt
00:03:20]} Be7 {[%clk 01:32:04]} {[%emt 00:00:08]} 7. c3 {[%clk 01:26:27]}
{[%emt 00:00:13]} O-O {[%clk 01:31:59]} {[%emt 00:00:34]} 8. Bc2 {[%clk
01:26:35]} {[%emt 00:00:23]} Re8 {[%clk 01:28:53]} {[%emt 00:03:34]} 9. d4
{[%clk 01:23:23]} {[%emt 00:03:42]} Nbd7 {[%clk 01:29:05]} {[%emt 00:00:17]} 10.
Re1 {[%clk 01:15:39]} {[%emt 00:08:16]} Bf8 {[%clk 01:22:01]} {[%emt 00:07:34]}
11. Rxe8 {[%clk 01:13:53]} {[%emt 00:02:16]} Nxe8 {[%clk 01:20:46]} {[%emt
00:01:45]} 12. c4 {[%clk 01:08:23]} {[%emt 00:06:01]} g6 {[%clk 01:18:29]}
{[%emt 00:02:46]} 13. Nc3 {[%clk 01:08:43]} {[%emt 00:00:11]} Bg7 {[%clk
01:13:57]} {[%emt 00:05:01]} 14. Bg5 {[%clk 01:07:03]} {[%emt 00:02:10]} Nef6
{[%clk 01:12:53]} {[%emt 00:01:33]} 15. h3 {[%clk 01:07:13]} {[%emt 00:00:22]}
h6 {[%clk 01:05:59]} {[%emt 00:07:21]} 16. Be3 {[%clk 01:06:00]} {[%emt
00:01:43]} Nb6 {[%clk 01:05:38]} {[%emt 00:00:51]} 17. b3 {[%clk 01:05:55]}
{[%emt 00:00:36]} c6 {[%clk 01:05:49]} {[%emt 00:00:18]} 18. Qd2 {[%clk
01:05:39]} {[%emt 00:00:47]} Kh7 {[%clk 01:06:04]} {[%emt 00:00:14]} 19. a4
{[%clk 00:56:54]} {[%emt 00:09:16]} a5 {[%clk 01:02:25]} {[%emt 00:04:08]} 20.
Re1 {[%clk 00:56:52]} {[%emt 00:00:33]} Be6 {[%clk 00:59:28]} {[%emt 00:03:26]}
21. Ne2 {[%clk 00:53:30]} {[%emt 00:03:52]} d5 {[%clk 00:56:51]} {[%emt
00:03:07]} 22. Nf4 {[%clk 00:52:53]} {[%emt 00:01:07]} Bd7 {[%clk 00:55:31]}
{[%emt 00:01:49]} 23. Bd3 {[%clk 00:42:02]} {[%emt 00:11:22]} Nc8 {[%clk
00:52:51]} {[%emt 00:03:10]} 24. Ne5 {[%clk 00:37:39]} {[%emt 00:04:53]} Be8
{[%clk 00:53:09]} {[%emt 00:00:11]} 25. f3 {[%clk 00:35:53]} {[%emt 00:02:18]}
Ne7 {[%clk 00:52:44]} {[%emt 00:00:54]} 26. Bf2 {[%clk 00:34:59]} {[%emt
00:01:25]} Kg8 {[%clk 00:50:36]} {[%emt 00:02:37]} 27. c5 {[%clk 00:34:57]}
{[%emt 00:00:33]} Nd7 {[%clk 00:42:47]} {[%emt 00:08:17]} 28. Bc2 {[%clk
00:34:24]} {[%emt 00:01:04]} Nf8 {[%clk 00:42:36]} {[%emt 00:00:41]} 29. b4
{[%clk 00:31:49]} {[%emt 00:03:06]} f6 {[%clk 00:38:58]} {[%emt 00:04:06]} 30.
Ned3 {[%clk 00:32:08]} {[%emt 00:00:11]} Bf7 {[%clk 00:37:35]} {[%emt
00:01:53]} 31. g4 {[%clk 00:28:44]} {[%emt 00:03:56]} g5 {[%clk 00:34:34]}
{[%emt 00:03:29]} 32. Ng2 {[%clk 00:28:58]} {[%emt 00:00:17]} Bg6 {[%clk
00:30:24]} {[%emt 00:04:40]} 33. bxa5 {[%clk 00:25:18]} {[%emt 00:04:11]} Qd7
{[%clk 00:20:06]} {[%emt 00:10:47]} 34. f4 {[%clk 00:23:24]} {[%emt 00:02:24]}
Be4 {[%clk 00:20:24]} {[%emt 00:00:12]} 35. f5 {[%clk 00:23:10]} {[%emt
00:00:44]} Qc7 {[%clk 00:19:51]} {[%emt 00:01:02]} 36. Rb1 {[%clk 00:22:05]}
{[%emt 00:01:36]} Nd7 {[%clk 00:18:41]} {[%emt 00:01:39]} 37. Qb4 {[%clk
00:21:06]} {[%emt 00:01:30]} Ra7 {[%clk 00:18:55]} {[%emt 00:00:15]} 38. Qe1
{[%clk 00:19:38]} {[%emt 00:01:58]} Bf8 {[%clk 00:14:53]} {[%emt 00:04:32]} 39.
Ne3 {[%clk 00:18:08]} {[%emt 00:02:00]} Nc8 {[%clk 00:13:11]} {[%emt 00:02:12]}
40. Nf1 {[%clk 00:17:53]} {[%emt 00:00:45]} 1-0

[Event "Lliga Catalana DH 2023"]
[Site "Barcelona"]
[Date "2023.01.28"]
[Round "2.5"]
[White "Garrido Fernandez, Daniel"]
[Black "Rizouk, Aimen"]
[Result "1/2-1/2"]
[TimeControl "90'+30\""]
[BlackTitle "GM"]
[WhiteFideId "2206676"]
[BlackFideId "7900309"]
[WhiteElo "2281"]
[BlackElo "2454"]

1. e4 {[%clk 01:30:57]} {[%emt 00:00:02]} e5 {[%clk 01:30:58]} {[%emt
00:00:02]} 2. Nf3 {[%clk 01:30:38]} {[%emt 00:00:49]} Nc6 {[%clk 01:31:26]}
{[%emt 00:00:02]} 3. Nc3 {[%clk 01:30:17]} {[%emt 00:00:51]} Nf6 {[%clk
01:31:50]} {[%emt 00:00:05]} 4. d4 {[%clk 01:30:43]} {[%emt 00:00:04]} exd4
{[%clk 01:32:04]} {[%emt 00:00:17]} 5. Nxd4 {[%clk 01:31:08]} {[%emt 00:00:05]}
Bb4 {[%clk 01:32:20]} {[%emt 00:00:14]} 6. Nxc6 {[%clk 01:31:31]} {[%emt
00:00:07]} bxc6 {[%clk 01:32:44]} {[%emt 00:00:06]} 7. Bd3 {[%clk 01:31:55]}
{[%emt 00:00:05]} d5 {[%clk 01:32:49]} {[%emt 00:00:25]} 8. exd5 {[%clk
01:31:55]} {[%emt 00:00:31]} cxd5 {[%clk 01:33:16]} {[%emt 00:00:03]} 9. O-O
{[%clk 01:32:16]} {[%emt 00:00:09]} O-O {[%clk 01:33:39]} {[%emt 00:00:07]} 10.
h3 {[%clk 01:32:33]} {[%emt 00:00:13]} Rb8 {[%clk 01:27:50]} {[%emt 00:06:19]}
11. Qf3 {[%clk 01:32:16]} {[%emt 00:00:48]} Bb7 {[%clk 01:25:52]} {[%emt
00:02:28]} 12. Bg5 {[%clk 01:28:42]} {[%emt 00:04:04]} Be7 {[%clk 01:26:12]}
{[%emt 00:00:09]} 13. Qf5 {[%clk 01:16:33]} {[%emt 00:12:39]} Bc8 {[%clk
01:14:47]} {[%emt 00:11:55]} 14. Qe5 {[%clk 01:12:11]} {[%emt 00:04:53]} Be6
{[%clk 01:14:53]} {[%emt 00:00:24]} 15. Rad1 {[%clk 01:08:56]} {[%emt
00:03:44]} h6 {[%clk 01:08:48]} {[%emt 00:06:36]} 16. Bh4 {[%clk 01:04:01]}
{[%emt 00:05:26]} Rb4 {[%clk 00:53:54]} {[%emt 00:15:24]} 17. f4 {[%clk
01:00:23]} {[%emt 00:04:08]} c6 {[%clk 00:48:25]} {[%emt 00:05:59]} 18. Kh1
{[%clk 00:49:40]} {[%emt 00:11:13]} Re8 {[%clk 00:38:15]} {[%emt 00:10:39]} 19.
Rde1 {[%clk 00:43:50]} {[%emt 00:06:20]} Qc8 {[%clk 00:30:29]} {[%emt
00:08:15]} 20. a3 {[%clk 00:38:55]} {[%emt 00:05:26]} Rb8 {[%clk 00:27:33]}
{[%emt 00:03:26]} 21. f5 {[%clk 00:38:27]} {[%emt 00:00:58]} Bd7 {[%clk
00:27:38]} {[%emt 00:00:24]} 22. Qg3 {[%clk 00:26:27]} {[%emt 00:12:30]} Qd8
{[%clk 00:22:48]} {[%emt 00:05:21]} 23. b3 {[%clk 00:14:18]} {[%emt 00:12:38]}
Nh5 {[%clk 00:17:18]} {[%emt 00:06:00]} 24. Qg4 {[%clk 00:14:41]} {[%emt
00:00:07]} Bxh4 {[%clk 00:16:40]} {[%emt 00:01:09]} 25. Rxe8+ {[%clk 00:15:08]}
{[%emt 00:00:02]} Bxe8 {[%clk 00:16:40]} {[%emt 00:00:30]} 26. Qxh5 {[%clk
00:15:34]} {[%emt 00:00:05]} Bf6 {[%clk 00:16:16]} {[%emt 00:00:53]} 27. Ne2
{[%clk 00:15:58]} {[%emt 00:00:06]} Qe7 {[%clk 00:16:09]} {[%emt 00:00:38]} 28.
Nf4 {[%clk 00:09:20]} {[%emt 00:07:07]} Qxa3 {[%clk 00:14:05]} {[%emt
00:02:33]} 29. Qf3 {[%clk 00:09:11]} {[%emt 00:00:39]} Qd6 {[%clk 00:12:23]}
{[%emt 00:02:12]} 30. Nh5 {[%clk 00:09:10]} {[%emt 00:00:31]} Rb7 {[%clk
00:09:24]} {[%emt 00:03:28]} 31. Qg4 {[%clk 00:08:36]} {[%emt 00:01:05]} Kf8
{[%clk 00:08:49]} {[%emt 00:01:06]} 32. Re1 {[%clk 00:03:35]} {[%emt 00:05:31]}
Re7 {[%clk 00:05:11]} {[%emt 00:04:07]} 33. Rxe7 {[%clk 00:03:54]} {[%emt
00:00:10]} Qxe7 {[%clk 00:05:39]} {[%emt 00:00:03]} 34. Nxf6 {[%clk 00:04:16]}
{[%emt 00:00:08]} Qxf6 {[%clk 00:05:35]} {[%emt 00:00:35]} 35. Qb4+ {[%clk
00:04:41]} {[%emt 00:00:04]} Qe7 {[%clk 00:05:58]} {[%emt 00:00:07]} 36. Qb8
{[%clk 00:05:06]} {[%emt 00:00:04]} f6 {[%clk 00:05:12]} {[%emt 00:01:17]} 37.
Qc8 {[%clk 00:05:20]} {[%emt 00:00:16]} Kf7 {[%clk 00:04:25]} {[%emt 00:01:17]}
38. Qa8 {[%clk 00:03:09]} {[%emt 00:02:40]} Qe1+ {[%clk 00:04:01]} {[%emt
00:00:54]} 39. Kh2 {[%clk 00:03:38]} {[%emt 00:00:01]} Qe5+ {[%clk 00:04:15]}
{[%emt 00:00:16]} 40. Kh1 {[%clk 00:03:58]} {[%emt 00:00:10]} Qc7 {[%clk
00:03:59]} {[%emt 00:00:45]} 41. b4 {[%clk 00:03:26]} {[%emt 00:01:03]} Qe7
{[%clk 00:01:32]} {[%emt 00:02:58]} 42. b5 {[%clk 00:01:20]} {[%emt 00:02:35]}
Qe1+ {[%clk 00:01:48]} {[%emt 00:00:14]} 43. Kh2 {[%clk 00:01:48]} {[%emt
00:00:03]} Qe5+ {[%clk 00:02:08]} {[%emt 00:00:09]} 44. Kh1 {[%clk 00:02:17]}
{[%emt 00:00:01]} cxb5 {[%clk 00:02:11]} {[%emt 00:00:27]} 45. Qxa7+ {[%clk
00:02:45]} {[%emt 00:00:02]} Kg8 {[%clk 00:02:10]} {[%emt 00:00:31]} 46. Qb7
{[%clk 00:02:19]} {[%emt 00:00:55]} d4 {[%clk 00:01:25]} {[%emt 00:01:16]} 47.
Be4 {[%clk 00:02:18]} {[%emt 00:00:31]} Kh7 {[%clk 00:01:33]} {[%emt 00:00:22]}
48. Bd5 {[%clk 00:01:54]} {[%emt 00:00:54]} h5 {[%clk 00:00:49]} {[%emt
00:01:15]} 49. Be6 {[%clk 00:01:51]} {[%emt 00:00:32]} Qc5 {[%clk 00:00:35]}
{[%emt 00:00:43]} 50. Qa8 {[%clk 00:01:31]} {[%emt 00:00:51]} Qc6 {[%clk
00:00:39]} {[%emt 00:00:27]} 51. Qd8 {[%clk 00:01:57]} {[%emt 00:00:03]} Kh6
{[%clk 00:00:35]} {[%emt 00:00:34]} 52. Qe7 {[%clk 00:01:47]} {[%emt 00:00:40]}
Qxc2 {[%clk 00:00:32]} {[%emt 00:00:34]} 53. Qxe8 {[%clk 00:02:08]} {[%emt
00:00:08]} Qc1+ {[%clk 00:00:57]} {[%emt 00:00:05]} 54. Kh2 {[%clk 00:02:32]}
{[%emt 00:00:06]} Qf4+ {[%clk 00:01:21]} {[%emt 00:00:06]} 55. Kg1 {[%clk
00:02:41]} {[%emt 00:00:21]} Qc1+ {[%clk 00:01:39]} {[%emt 00:00:12]} 56. Kh2
{[%clk 00:02:43]} {[%emt 00:00:29]} 1/2-1/2